00199 a2200073 4500100002300000245004600023260003700069300001900106 aHassan Ahmed manik aChanges in the topography of the maldives aMale' MaldivesbEnvionmentc1990 a91 p. ; 19 cm.